Arte del derecho. Escritos romanísticos. Nuevas miniaturas. Ultima lección

Guardat en:
Dades bibliogràfiques
Autor principal: Iglesias Santos, Juan (autor)
Format: Llibre
Idioma:espanyol
Publicat: Madrid Fundación Seminario de Derecho Romano Ursicino Alvarez 1994
Matèries:
Etiquetes: Afegir etiqueta
Sense etiquetes, Sigues el primer a etiquetar aquest registre!

MARC

LEADER 00000nam a2200000 a 4500
001 UCR2779
003 CL-VaPUC
008 980116e19940000SP |||||||||||||||||spa|d
082 0 4 |a 340.54  |b IGL  |2 21 
100 |a Iglesias Santos, Juan  |e autor  |9 857449 
245 1 0 |a Arte del derecho. Escritos romanísticos. Nuevas miniaturas. Ultima lección 
300 |a 169 p 
942 |c BK 
945 |d 19980116 00:00:00  |a aolguin 
260 |a Madrid  |b Fundación Seminario de Derecho Romano Ursicino Alvarez  |c 1994 
650 0 |a Derecho romano  |9 255930 
650 0 |a Teoría del derecho  |9 255982 
650 0 |a Fuentes del derecho   |9 255162 
650 0 |a Justicia   |9 255408 
650 7 |a SISTEMA JURIDICO  |2 CL-VaPUC  |9 401132 
650 0 |a Instituciones jurídicas  |9 380718 
650 0 |a Historia  |9 255047 
650 0 |a Jurisprudencia  |9 255952 
650 0 |a Artículos   |9 392753 
651 7 |a IMPERIO ROMANO  |2 CL-VaPUC  |9 401134 
583 |a last modification  |c 19980116 00:00:00  |k Rodrigo Vera 
999 |c 265908  |d 265906 
952 |0 0  |1 0  |4 0  |6 340_540000000000000_IGL_1994  |7 0  |8 DER_ROM  |9 297049  |a BIBDER  |b BIBDER  |d 2019-11-20  |i 1931865  |o 340.54 IGL 1994  |p 1931865  |r 2023-01-25  |w 2019-11-20  |x Ubicación 4to piso  |y BK  |z Este recurso debe solicitarse con anticipación  |k DER